00839cam a22002291 4500001001300000003000400013005001700017008004100034010001700075035002000092040004200112042001200154050002100166111005400187245002500241260005900266300003500325500012700360500008200487650002300569999001700592sd 40000170 DLC20260227112733.0870421s1939 it c 000 0 fre c asd 40000170  a(OCoLC)15562396 aU.S. Dept. of State LibrarycDGWdDLC apremarc00aJX1930b.U5 19392 aUniversal Peace Congressn(33d :d1939 :cZurich)10aDocuments officiels. aGenève,bLe Bureau international de la paixc[1939?] a132 p.bfront. (port.)c26 cm. aAt head of title: XXXIIIe Congrès universel de la paix, tenu à Zurich, salle du Grand conseil du 21 au 24 août 1939. aText mainly in French; the resolutions adopted are in French, Eng and German. 0aPeacevCongresses. c89856d89856